Most Isolated Cities with Over 1M Population - Statistics

General Stats
  • This quiz has been taken 2,230 times
    818 since last reset
  • The average score is 9 of 20
Answer Stats
Its Nearest City Distance (km) Most Isolated City % Correct
Adelaide 2134 Perth
94%
Sydney 2159 Auckland
81%
Sydney 733 Brisbane
72%
La Paz 1078 Lima
62%
Belém 1297 Manaus
59%
Melbourne 714 Sydney
54%
Mombasa 927 Mogadishu
48%
Sana'a 921 Addis Ababa
47%
Jeddah 969 Khartoum
46%
Mecca 819 Sana'a
42%
Ouagadougou 703 Bamako
40%
Almaty 865 Ürümqi
39%
Lilongwe 1567 Antananarivo
37%
Pôrto Alegre 822 Asunción
35%
Kano 711 N'Djaména
31%
Manila 979 Davao
29%
Baotou 840 Ulaanbaatar
28%
Kaohsiung 896 Manila
27%
Tehran 740 Mashhad
27%
Guatemala City 714 Mérida
18%
No matching quizzes found
Score Distribution
Percent of People with Each Score
Percentile by Number Answered
Your Score History
You have not taken this quiz since the last reset